ՀՀ Գիտությունների ազգային ակադեմիայի հիմնարար գիտական գրադարան  =   Fundamental Scientific Library of NAS RA

Միսաք Մեծարենց / (Record no. 11734)

MARC details
000 -LEADER
fixed length control field 00789nam a2200229 a 4500
001 - CONTROL NUMBER
control field 000027298
003 - CONTROL NUMBER IDENTIFIER
control field AM-YEHGA
005 - DATE AND TIME OF LATEST TRANSACTION
control field 20250618070910.0
008 - FIXED-LENGTH DATA ELEMENTS--GENERAL INFORMATION
fixed length control field 980320s1977 ai ||||gr|||||||||0|arm|d
040 ## - CATALOGING SOURCE
Original cataloging agency AM-YeHGA
041 0# - LANGUAGE CODE
Language code of text/sound track or separate title arm
090 ## - LOCALLY ASSIGNED LC-TYPE CALL NUMBER (OCLC); LOCAL CALL NUMBER (RLIN)
-- 11825
100 1# - MAIN ENTRY--PERSONAL NAME
Personal name Ջրբաշյան, Էդվարդ Մկրտչի,
Dates associated with a name 1923-1999
9 (RLIN) 108
245 10 - TITLE STATEMENT
Title Միսաք Մեծարենց /
Statement of responsibility, etc. Էդ.Մ. Ջրբաշյան ; ԵՀՊ.
250 ## - EDITION STATEMENT
Edition statement 2-րդ հրատ., վերամշակ.
260 ## - PUBLICATION, DISTRIBUTION, ETC.
Place of publication, distribution, etc. Երևան :
Name of publisher, distributor, etc. ԵՊՀ հրատ.,
Date of publication, distribution, etc. 1977.
300 ## - PHYSICAL DESCRIPTION
Extent 192 էջ,
Other physical details դիմանկ., լուսանկ.
504 ## - BIBLIOGRAPHY, ETC. NOTE
Bibliography, etc. note Տողատակի ծանոթագր.
600 14 - SUBJECT ADDED ENTRY--PERSONAL NAME
Personal name Մեծարենց, Միսաք Կարապետի,
Dates associated with a name 1886-1908
9 (RLIN) 1636
650 14 - SUBJECT ADDED ENTRY--TOPICAL TERM
Topical term or geographic name entry element Արևմտահայ բանաստեղծներ
942 ## - ADDED ENTRY ELEMENTS (KOHA)
Source of classification or shelving scheme Universal Decimal Classification
Koha item type Գրքեր / Books
Holdings
Withdrawn status Lost status Source of classification or shelving scheme Damaged status Not for loan Collection Home library Current library Date acquired Total checkouts Full call number Barcode Date last seen Price effective from Koha item type Public note Cost, replacement price
    Universal Decimal Classification     Avdalbegian Individual Collection Fundamental Scientific Library Fundamental Scientific Library 21/12/2016   Ավդ/654 FL0638514 21/12/2016 21/12/2016 Գրքեր / Books ILL Non-Circ.  
          General Fundamental Scientific Library Fundamental Scientific Library 21/12/2016   AI/14612 FL0054652 21/12/2016 21/12/2016 Գրքեր / Books 30 Days Loan  
          General Fundamental Scientific Library Fundamental Scientific Library 21/12/2016   AI/14830 FL0055441 21/12/2016 21/12/2016 Գրքեր / Books 30 Days Loan 79.00
          General Fundamental Scientific Library Fundamental Scientific Library 21/12/2016   AI/15272 FL0055685 21/12/2016 21/12/2016 Գրքեր / Books 30 Days Loan 79.00


ՀՀ ԳԱԱ հիմնարար գիտական գրադարան
ՀՀ,Երևան 0019
Մարշալ Բաղրամյան 24/6
հեռախոս:(374-10) 52-47-50
Հետադարձ կապ

All site content, except where otherwise noted, is licensed under a
Creative Commons License